Logo Finishers - Statistics

General Stats
  • This quiz has been taken 31 times
  • The average score is 38 of 47
Answer Stats
Hint Answer % Correct
Whats- App
96%
Taco- Bell
96%
Coca- Cola
96%
Fire- Fox
96%
Burger- King
96%
Calcu- Lator
96%
AT- &T
96%
You- Tube
96%
Volks- Wagen
96%
XBOX- 360
92%
Google- Chrome
92%
Mine- Craft
92%
Play- Doh
92%
Scooby- Doo
92%
Pizza- Hut
92%
Foot- Locker
92%
Domino's- Pizza
92%
Mc- Donald's
88%
Ya- Hoo!
88%
Jack- In the box
88%
Disney- Land
88%
Cartoon- Network
88%
Ap- Ple
88%
Moto- Rola
88%
Raising- Canes
83%
Prin- Gles
83%
Pu- Ma
83%
Mono- Poly
83%
Jet- Punk
83%
Al- Di
79%
International House- Of Pancakes
79%
Red- Lobster
75%
Microsoft- Outlook
75%
Parker- Brothers
71%
General- Mills
71%
Mat- Tel
71%
My Talking- Tom
71%
Hewlett- Packard
67%
Pana- Sonic
63%
Roblox- Studio
63%
DVD- Video
63%
Quick- Time
58%
Big- Lots
54%
Shar- Pie
54%
Metro- By T Mobile
50%
Ro- Vio
50%
Black Bear- Diner
33%
No matching quizzes found
Score Distribution
Percent of People with Each Score
Percentile by Number Answered
Your Score History
You have not taken this quiz